Statistics for Countries That Have a Z In Its Name - 1 Minute Sprint

Click here to take the quiz!

General Stats

  • This quiz has been taken 31 times
  • The average score is 8 of 15

Answer Stats

Answer% Correct
Zimbabwe
96%
Zambia
92%
Kazakhstan
69%
Mozambique
69%
Azerbaijan
58%
Belize
58%
Kyrgyzstan
58%
Uzbekistan
58%
Brazil
54%
New Zealand
50%
Switzerland
46%
Tanzania
38%
Venezuela
38%
Czech Republic
31%
Bosnia and Herzegovina
12%

Score Distribution

Percentile by Number Answered

Percent of People with Each Score

Your Score History

You have not taken this quiz